[Event "81st ARM-ch 2021"]
[Site "Yerevan"]
[Date "2021.02.18"]
[Round "3.6"]
[White "Gharibyan, Mamikon"]
[Black "Babujian, Levon"]
[Result "1-0"]
[WhiteElo "2423"]
[BlackElo "2455"]
[Annotator "TA"]
[PlyCount "143"]
[EventDate "2021.02.16"]
[EventType "tourn"]
[EventCountry "ARM"]
[SourceTitle "playchess.com"]
[Source "ChessBase"]
[SourceQuality "1"]

{[%evp 19,143,19,41,7,15,0,68,45,58,48,48,51,64,59,47,41,96,114,104,114,135,164,255,249,314,317,324,312,598,534,514,462,577,246,922,909,908,170,564,452,754,758,732,710,663,335,333,335,331,325,287,323,316,314,285,289,281,286,278,237,233,250,270,277,291,286,340,332,385,428,425,425,360,184,189,184,189,191,179,182,341,328,406,393,389,364,550,536,535,564,560,556,559,544,952,943,902,877,968,878,1533,1528,1523,1489,1440,1489,1292,1205,3140,2924,2842,2690,5711,4810,29975,1770,29976,29976,29978,29978,29985,29986,29986,29987,29987,29987]} 1. d4 Nf6 2. Nf3 d5 3. c4 e6 4. Bg5 Be7 5. Nc3 O-O 6. e3 h6 7. Bxf6 Bxf6 8. Rc1 c6 9. Bd3 Nd7 10. O-O g6 {[#]} 11. Qe2 $146 {D55: Queen's Gambit Declined: 4 Bg5 Be7: Lines without ...h6 and 6...h6 7 Bxf6.} ({Predecessor:} 11. Re1 Bg7 12. b4 dxc4 13. Bxc4 e5 14. h3 a5 15. b5 Nb6 16. Bb3 cxb5 17. Nxb5 a4 18. Bc2 Bd7 {½-½ (48) Farago,I (2491)-Buhmann,R (2571) Graz 2012}) 11... Bg7 12. Rfd1 f5 (12... Qe7 $11) 13. b4 {White is slightly better.} g5 14. g3 a6 15. a4 Qf6 16. b5 axb5 17. axb5 f4 (17... Qf7 $14) 18. gxf4 {White leaves nothing to chance now.} gxf4 19. e4 {[%cal Re4d5]} dxc4 20. Bxc4 c5 (20... Nb6 $142 21. Kh1 Qf7) 21. e5 $18 Qf7 22. Ne4 cxd4 23. Nd6 Qg6+ (23... Qh5 {is a better defense.} 24. Nxc8 (24. Nxd4 f3 $14) (24. Bxe6+ Kh8 $16) 24... Qg6+ 25. Kh1 Rfxc8) 24. Kh1 Nc5 25. Rg1 Qh5 26. Nxd4 (26. Rg2 $142) 26... f3 $2 (26... Qxe2 27. Bxe2 b6) 27. Qe3 Kh8 {[#]} 28. Rce1 $2 (28. N4f5 $1 {[%mdl 512]} Rxf5 29. Nxf5 Qxf5 30. Qxc5) 28... Bd7 $2 (28... Ra1) 29. Rg3 b6 (29... Ra4 $142 30. Nxf3 {[%mdl 64] Discovered Attack} Rxc4) 30. Nxf3 Ra7 31. Reg1 Bc8 32. Bf1 Bb7 33. Nxb7 Rxb7 34. Rh3 Qf5 35. Nh4 $1 {[%cal Rh4f5]} Qxf2 36. Ng6+ Kg8 37. Nxf8 Qxe3 38. Rxe3 Kxf8 39. Bg2 Rd7 40. Bc6 Ra7 41. Kg2 Ra2+ 42. Kh3 Rf2 43. Ra1 Rf5 44. Ra8+ Ke7 45. Ra7+ $1 Kf8 46. Rea3 (46. Be4 $142 Nxe4 47. Rxe4) 46... Bxe5 47. Rh7 Rh5+ 48. Kg4 {Ra8+ would kill now.} Rg5+ {[#]} 49. Kf3 $1 {White threatens Ra8+ and mate.} Bg7 $2 (49... Kg8 {keeps fighting.} 50. Rxh6 Kg7) 50. Ra8+ Kf7 {[#]} 51. Be8+ $1 Ke7 52. h4 Rg1 (52... Rf5+ $142 53. Kg2 Kf6) 53. Kf2 Rg4 54. Bh5 Nd3+ 55. Kf1 Rg3 56. Ra3 e5 {[#]} 57. Rxg7+ $1 {[%mdl 576] Deflection} Rxg7 58. Rxd3 {[%mdl 4096] Endgame KRB-KR} Ke6 59. Kf2 Rc7 60. Bg4+ Ke7 61. Rd5 Rc2+ 62. Be2 Ke6 63. Rd8 e4 64. Rh8 Ke5 65. Rxh6 Rb2 66. Rxb6 Kf4 67. Rf6+ Ke5 68. Rf8 {White mates.} Rb1 69. h5 Rh1 70. b6 Rb1 71. h6 e3+ 72. Kxe3 {Weighted Error Value: White=0.35/Black=0.45} 1-0

[Event "81st ARM-ch 2021"]
[Site "Yerevan"]
[Date "2021.02.19"]
[Round "4.1"]
[White "Babujian, Levon"]
[Black "Ter-Sahakyan, Samvel"]
[Result "0-1"]
[WhiteElo "2455"]
[BlackElo "2640"]
[Annotator "TA"]
[PlyCount "70"]
[EventDate "2021.02.16"]
[EventType "tourn"]
[EventCountry "ARM"]
[SourceTitle "playchess.com"]
[Source "ChessBase"]
[SourceQuality "1"]

{[%evp 15,70,-15,-10,-29,-20,-36,-26,-29,-37,-31,-25,-21,-23,-28,-26,-20,-24,-48,-70,-90,-72,-66,-53,-184,-189,-229,-217,-276,-274,-259,-245,-480,-441,-424,-455,-436,-465,-449,-393,-498,-484,-487,-449,-634,-627,-831,-811,-1082,-1082,-1052,-818,-800,-701,-1427,-1396,-1332,-1305]} 1. e4 c5 2. Nf3 d6 3. d4 cxd4 4. Nxd4 Nf6 5. Nc3 a6 6. f4 e5 7. Nf3 Nbd7 8. Bc4 b5 9. Bb3 {[#] Threatens to win with Ng5. B93: Sicilian Najdorf: 6 f4.} Be7 $1 10. O-O O-O 11. fxe5 {Black has an edge.} dxe5 12. Bg5 Bb7 13. Bxf6 {[#]} Bxf6 $146 ({Predecessor:} 13... Nxf6 14. Nxe5 Qc7 15. Nxf7 Rxf7 16. Bxf7+ Kxf7 17. a4 Rd8 18. Qe2 Kg8 19. axb5 axb5 {0-1 (68) Silva Filho,A (2278)-Kaupert,V (2298) ICCF email 2016}) 14. Qe2 Nb6 15. Rad1 Qc7 16. Nd2 Rad8 17. Qg4 {[#] Hoping for Rxf6.} Kh8 18. Kh1 b4 19. Ne2 {Loses the game.} (19. Nd5 $1 $15 Nxd5 20. exd5 Bxd5 21. Qxb4) 19... a5 $19 {[%cal Ba6a5,Ba5a4][%mdl 32]} 20. Ng3 Bc8 21. Qf3 a4 22. Bd5 Qxc2 23. Nh5 $2 (23. Nc4 Nxc4 24. Rf2) 23... Bg5 24. Qg3 Bh6 25. Nf3 Nxd5 26. exd5 f6 27. d6 Qxb2 {Black is clearly winning.} 28. Qh4 a3 29. Qc4 (29. Rb1 $142 Qxa2 30. Qxb4) 29... Qc3 30. Qd5 Ba6 31. Rf2 Be3 32. Qe6 Qc8 33. Qe7 Qd7 34. Rff1 Bxf1 35. Rxf1 Rf7 {Weighted Error Value: White=0.65/Black=0.16} 0-1

[Event "81st ARM-ch 2021"]
[Site "Yerevan"]
[Date "2021.02.19"]
[Round "4.2"]
[White "Petrosian, Tigran L."]
[Black "Gharibyan, Mamikon"]
[Result "0-1"]
[WhiteElo "2601"]
[BlackElo "2423"]
[Annotator "TA"]
[PlyCount "92"]
[EventDate "2021.02.16"]
[EventType "tourn"]
[EventCountry "ARM"]
[SourceTitle "playchess.com"]
[Source "ChessBase"]
[SourceQuality "1"]

{[%evp 9,92,44,67,53,35,15,13,10,14,7,83,77,79,82,88,74,72,70,111,78,57,72,77,83,63,79,66,71,72,58,67,55,58,58,43,-74,92,86,137,0,71,71,60,64,74,78,78,74,89,61,63,53,123,136,113,0,0,0,0,0,0,-43,-70,-398,-364,-582,-519,-506,-509,-598,-493,-620,-521,-1132,-1132,-1035,-1027,-1313,-1270,-1205,-1176,-1925,-1889,-1498,-1061]} 1. Nc3 d5 2. d4 Bf5 3. f3 c6 4. e4 Bg6 5. h4 h6 6. h5 {D00: 1 d4 d5: Unusual lines.} Bh7 {[#]} 7. e5 $146 ({Predecessor:} 7. exd5 cxd5 8. Bd3 Bxd3 9. Qxd3 e6 10. f4 Nc6 11. a3 Bd6 12. Nf3 Nf6 13. Be3 {0-1 (36) Mirschinka,D (2260)-Kargin,A Chemnitz 1997}) 7... c5 8. e6 {The position is equal.} fxe6 9. dxc5 Nf6 (9... d4 $1 $11 {keeps the balance.} 10. Ne4 Nf6) 10. f4 $16 g6 11. hxg6 Bxg6 12. Nf3 Nc6 13. Bb5 Nd7 14. f5 Bxf5 15. Nd4 {White threatens Qh5+ and mate.} Nf6 16. Nxc6 bxc6 17. Bxc6+ {[%mdl 64] Double Attack} Kf7 18. Bxa8 Qxa8 19. Bf4 Rg8 20. Qf3 (20. Bxh6 $2 Rh8 $19) 20... Qc8 21. O-O-O (21. Bxh6 Rh8 $17) 21... Qxc5 22. Rd2 (22. Bxh6 Bxh6+ 23. Rxh6 Bg4 $17) (22. Be3 $1 $14 {keeps the upper hand.} Qc7 23. Rd2 (23. Bxh6 Bxh6+ 24. Rxh6 Bg4 $15)) 22... Bg7 $2 (22... d4 $17 23. Na4 Qb5) 23. Be5 ({Much weaker is} 23. Bxh6 Rh8 $15) 23... Rc8 (23... h5 $142) 24. Rd4 ({Better is} 24. Qf4 $16) 24... h5 (24... Ne4 $1 $11 25. Bxg7 (25. Rxd5 Qf2 $11) 25... Kxg7) 25. Rf1 Kg6 26. Qg3+ Ng4 27. Bxg7 Kxg7 28. Qf4 Nf6 29. Qe5 Kf7 30. Rd2 (30. Rf2 {with more complications.} Rg8 31. Rfd2 a5 32. Qe3 Rc8 33. Re2) 30... Qd6 {[#]} (30... Rg8 $14) 31. Qxd6 $1 ({Much worse is} 31. Rxf5 $6 exf5 32. Qxf5 e6 $11) 31... exd6 {[#]} 32. Rd4 (32. Nb5 $1 $16 {[%cal Rb5d6]} Ne4 33. Rd3 (33. Nxa7 $2 Ra8 $19)) 32... Kg6 $11 33. Rdf4 Kg5 34. g3 Ne4 $36 {[%mdl 2048] Black has some pressure.} 35. Ne2 Bg4 36. Re1 {[%mdl 8192] This move loses the game for White.} ({White has to play} 36. Ng1 $1 $15) 36... Bxe2 $19 37. Rf7 (37. Rxe2 $142 Nxg3 38. Ref2 Ne2+ {[%mdl 64] Deflection} 39. Rxe2 Kxf4 40. Rxe6) 37... Bg4 {Black is clearly winning.} 38. Re3 a6 39. Ra7 Rc6 40. Ra3 Bf5 41. R7xa6 Rxa6 42. Rxa6 Nxg3 43. Ra8 h4 44. Rg8+ Bg6 45. Rh8 Nh5 46. Rf8 Nf6 {Weighted Error Value: White=0.56/Black=0.27} 0-1

[Event "81st ARM-ch 2021"]
[Site "Yerevan"]
[Date "2021.02.19"]
[Round "4.3"]
[White "Petrosyan, Manuel"]
[Black "Pashikian, Arman"]
[Result "1-0"]
[WhiteElo "2628"]
[BlackElo "2606"]
[Annotator "TA"]
[PlyCount "79"]
[EventDate "2021.02.16"]
[EventType "tourn"]
[EventCountry "ARM"]
[SourceTitle "playchess.com"]
[Source "ChessBase"]
[SourceQuality "1"]

{[%evp 9,79,12,21,6,25,15,25,18,29,28,24,21,30,21,32,22,35,33,25,11,27,0,12,9,14,6,12,6,12,10,18,0,0,0,0,0,0,0,0,0,0,0,0,0,0,0,0,0,0,0,0,0,0,0,4,0,15,0,0,0,4,0,5,16,5,10,50,34,452,452,429,442]} 1. d4 Nf6 2. c4 e6 3. Nf3 d5 4. Nc3 Bb4 5. cxd5 exd5 6. Bf4 {D38: Queen's Gambit Declined: Ragozin Defence (4 Nf3 Bb4).} c6 7. e3 Bf5 8. a3 $5 {[%mdl 4] White has an edge. Exploring less charted territory.} Bd6 9. Bxd6 Qxd6 {[#]} 10. Nh4 $146 ({Predecessor:} 10. Bd3 Bxd3 11. Qxd3 O-O 12. O-O Nbd7 13. b4 a6 14. Rfc1 Rfe8 15. Nd2 h6 16. Na4 {1-0 (28) De Jong,M (1356)-De Heij,M (1617) Borne 2019}) 10... Be6 11. Bd3 Nbd7 {[%cal Bb8d7,Bd7c5,Bc5e4][%mdl 32]} 12. Qc2 c5 13. dxc5 Nxc5 14. Bb5+ Ke7 15. O-O Nce4 16. Ne2 Rhc8 17. Qd1 Qb6 18. Nd4 a6 19. Bd3 Rc7 20. Qe2 Rac8 21. Rad1 g6 22. h3 Bd7 23. Nhf3 Ba4 24. Rb1 Kf8 25. Rfe1 Kg7 26. Qf1 Nc5 27. Be2 Nb3 28. Bd1 Nxd4 29. Nxd4 Bxd1 30. Rexd1 h5 31. Qd3 Rc4 32. Ne2 Qc5 33. Nd4 b5 34. Qe2 Qb6 35. f3 b4 36. b3 Rc3 37. axb4 Re8 38. Rd3 Qxb4 {[%mdl 8192] [#]} (38... Rxd3 $1 $14 39. Qxd3 Qxb4) 39. Qe1 $1 $18 {[%mdl 512]} Rec8 {[#]} 40. Ne2 $1 {[%mdl 512] Weighted Error Value: White=0.03/Black=0.27} 1-0

[Event "81st ARM-ch 2021"]
[Site "Yerevan"]
[Date "2021.02.19"]
[Round "4.4"]
[White "Gabuzyan, Hovhannes"]
[Black "Martirosyan, Haik M."]
[Result "1-0"]
[WhiteElo "2557"]
[BlackElo "2622"]
[Annotator "TA"]
[PlyCount "93"]
[EventDate "2021.02.16"]
[EventType "tourn"]
[EventCountry "ARM"]
[SourceTitle "playchess.com"]
[Source "ChessBase"]
[SourceQuality "1"]

{[%evp 22,93,31,28,30,20,35,9,18,11,32,14,21,0,52,50,54,60,64,63,64,65,75,73,101,101,118,133,112,120,118,120,118,115,120,116,110,112,131,131,138,144,157,160,147,147,181,183,175,182,245,230,298,296,381,383,412,401,445,429,425,447,501,467,482,475,505,483,800,806,814,797,1276,1178]} 1. c4 e6 2. Nf3 Nf6 3. g3 d5 4. b3 Be7 5. Bb2 O-O 6. Bg2 b6 7. O-O Bb7 8. cxd5 Nxd5 9. d4 Nd7 10. Re1 N5f6 11. Nc3 c5 12. e4 cxd4 {A14: English Opening: 1...e6 with b3 by White.} 13. Nxd4 {Hoping for e5.} Ne5 14. f4 Bc5 {The position is equal.} 15. Na4 Bxd4+ 16. Bxd4 Nc6 17. Bb2 Qxd1 ({Black should play} 17... Nb4 $11) 18. Raxd1 Rfd8 {[#]} 19. e5 $146 ({Predecessor:} 19. Nc3 Nb4 20. e5 Bxg2 21. Kxg2 Ng4 22. h3 Nh6 23. Rxd8+ Rxd8 24. a3 Nd3 25. Rd1 {1-0 (60) Apicella,M (2541)-Doluhanova,E (2269) Cappelle-la-Grande 2012}) 19... Ne8 20. Nc3 Rxd1 21. Rxd1 Rd8 22. Rc1 (22. Rxd8 {with more complications.} Nxd8 23. Bf1 Nc7 24. Kf2 Ba6 25. Bh3) 22... Rd2 23. Ba3 h6 {[#]} 24. Nb1 $1 $36 {[%cal Rb1d2][%mdl 2048] White has strong initiative.} Rxg2+ 25. Kxg2 Nxe5+ {[#]} 26. Kf1 $1 Ng4 27. h3 Ne3+ 28. Kf2 Nd5 29. Nd2 Nef6 30. Bd6 Nd7 31. g4 f5 32. Re1 Kf7 33. Nc4 N5f6 34. Be5 {Nd6+ is the strong threat.} Ne4+ 35. Ke3 Ndf6 (35... g5 $142 36. Rd1 Ke7) 36. Bxf6 $18 Kxf6 {[%mdl 4096] Endgame KRN-KBN} 37. Rc1 g5 38. Ne5 gxf4+ 39. Kxf4 Nf2 40. Nd7+ {White is clearly winning.} Kg6 {Strongly threatening ...Nd3+.} 41. Rc7 {White threatens Ne5+ and mate.} Nd3+ 42. Ke3 Be4 43. Rxa7 b5 44. h4 Nb4 (44... Ne1 $142 45. h5+ Kg5) 45. a3 Nc6 46. Rc7 b4 47. Kf4 {Weighted Error Value: White=0.02/Black=0.19} 1-0

[Event "81st ARM-ch 2021"]
[Site "Yerevan"]
[Date "2021.02.19"]
[Round "4.5"]
[White "Sargsyan, Shant"]
[Black "Hovhannisyan, Robert"]
[Result "1-0"]
[WhiteElo "2596"]
[BlackElo "2642"]
[Annotator "TA"]
[PlyCount "107"]
[EventDate "2021.02.16"]
[EventType "tourn"]
[EventCountry "ARM"]
[SourceTitle "playchess.com"]
[Source "ChessBase"]
[SourceQuality "1"]

{[%evp 9,107,18,25,20,7,14,28,32,33,22,39,3,31,41,51,3,65,62,80,77,92,89,81,73,136,111,157,87,139,133,139,139,129,136,122,115,140,130,139,144,150,146,146,146,151,152,151,156,168,167,297,292,281,287,295,295,266,243,308,324,389,386,387,366,381,372,599,557,1073,651,1044,640,738,732,1082,1075,954,887,1552,1505,1469,1458,1190,1357,7731,5265,5728,3174,12834,5804,12840,12841,12841,12841,12846,12847,12849,12847,27999,27999]} 1. d4 d5 2. c4 c6 3. Nf3 Nf6 4. e3 Bg4 5. h3 Bh5 6. g4 {D11: Slav Defence: 3 Nf3 sidelines and 3...Nf6 4 e3 Bg4.} Bg6 7. Ne5 Be4 8. f3 {White has an edge.} Bxb1 9. Rxb1 e6 10. c5 {[#]} Nbd7 $146 ({Predecessor:} 10... Nfd7 11. Nd3 e5 12. Bg2 Qh4+ 13. Kd2 Na6 14. b4 Nc7 15. Qe1 Qe7 16. Qg3 f6 {0-1 (44) Del Rey,D (2431)-Gonzalez de la Torre,S (2318) San Sebastian 2006}) 11. Nd3 Qc7 12. Kf2 h6 ({Better is} 12... g5 $11) 13. b4 e5 14. dxe5 Nxe5 15. Nxe5 Qxe5 16. Bb2 Qe6 (16... Qc7 $142) 17. Qd4 Nd7 18. e4 (18. Bd3 $142) 18... dxe4 (18... Be7 $142) 19. Bc4 $16 (19. Qxe4 $6 Qxe4 20. fxe4 f6 $14) 19... Qe7 20. Rhe1 (20. Qxe4 $6 Qxe4 21. fxe4 a5 $11) 20... O-O-O {aiming for ...Qh4+.} 21. Qxe4 (21. Rxe4 Qh4+ 22. Ke2 Nf6 $17) 21... Qxe4 22. Rxe4 Nf6 23. Rd4 (23. Bxf7 $2 Nxe4+ 24. fxe4 Bxc5+ $1 {[%mdl 512]} 25. Ke2 (25. bxc5 $2 Rhf8 $19) 25... Bd4 $19) 23... Nd5 24. Rbd1 Be7 25. Bxd5 cxd5 26. Rxd5 Bh4+ 27. Kf1 Rxd5 28. Rxd5 {[%mdl 4096] Endgame KRB-KRB} Re8 {[#] Threatens to win with ...Re1+.} 29. Re5 {[%cal Re5e8]} ({And not} 29. Bxg7 Re1+ 30. Kg2 Re2+ 31. Kh1 Re1+ 32. Kh2 (32. Kg2 Re2+ {[%mdl 64] Double Attack} 33. Kf1 Re1+ 34. Kg2 $11) 32... Re2+ 33. Kh1 Re1+ 34. Kh2 (34. Kg2 Re2+ {[%mdl 64] Double Attack} 35. Kf1 Re1+ 36. Kg2 $11) 34... Re2+ 35. Kh1 $11) 29... Rd8 (29... Rg8 $142 30. Re4 Kd7) 30. Rh5 $18 g5 31. Ke2 ({Less strong is} 31. Rxh6 Rd2 $16) 31... Re8+ 32. Kd3 Rd8+ 33. Kc2 Re8 34. Rxh6 Re2+ 35. Kb3 Re3+ 36. Kc4 Rxf3 37. b5 Rxh3 $2 (37... Rf2) 38. Rh8+ Kc7 39. Be5+ Kd7 40. Rb8 Ke6 41. Bd6 Rh1 42. Rxb7 Rc1+ 43. Kd3 Rb1 44. Re7+ Kf6 45. a4 Bg3 46. Rxa7 Bxd6 {KRB-KR} 47. Ra6 {[%mdl 64] Pin} Ke5 48. Rxd6 {KR-KR} f5 49. gxf5 g4 50. Rg6 g3 51. c6 Kxf5 52. Rxg3 Rb3+ 53. Kc4 Rxg3 54. c7 {Weighted Error Value: White=0.18/Black=0.42} 1-0

[Event "81st ARM-ch 2021"]
[Site "Yerevan"]
[Date "2021.02.19"]
[Round "4.6"]
[White "Harutyunian, Tigran K."]
[Black "Andriasian, Zaven"]
[Result "1-0"]
[WhiteElo "2549"]
[BlackElo "2606"]
[Annotator "TA"]
[PlyCount "87"]
[EventDate "2021.02.16"]
[EventType "tourn"]
[EventCountry "ARM"]
[SourceTitle "playchess.com"]
[Source "ChessBase"]
[SourceQuality "1"]

{[%evp 10,87,10,10,39,25,27,14,23,-25,21,28,45,50,92,100,94,86,91,88,93,53,37,49,63,33,44,38,63,56,47,0,52,60,130,107,102,33,86,89,96,97,85,79,129,121,140,120,229,120,144,138,131,141,137,148,147,135,150,143,109,143,146,84,77,90,412,400,438,432,1054,1004,6589,6221,6112,6109,6079,6079,5114,5097]} 1. Nf3 Nf6 2. g3 d5 3. Bg2 Bg4 4. O-O Nbd7 5. d4 e6 6. c4 Be7 {D02: 1 d4 d5 2 Nf3 sidelines, including 2...Nf6 3 g3 and 2...Nf6 3 Bf4.} 7. Qb3 Qc8 8. Nc3 c6 {The position is equal.} 9. Ne5 Bf5 10. Bg5 {[%cal Rc4d5]} h6 11. Bxf6 {[#]} Bxf6 $146 ({Predecessor:} 11... Nxf6 12. Rac1 dxc4 13. Qxc4 O-O 14. e4 Bh7 15. Rfd1 Rb8 16. Qe2 Qe8 17. a3 Bd6 {1-0 (30) Geiling,C-Gerhardt,D Leipzig 1996}) 12. cxd5 exd5 13. e4 $1 {[%cal Re4f5]} Bxe5 14. exf5 Bxd4 15. Rfe1+ Kf8 16. Rac1 {Black must now prevent Nxd5!} Bxc3 17. Rxc3 {Hoping for Bxd5!} Nf6 18. g4 Kg8 19. Re7 Rb8 20. Rg3 Qf8 (20... Kh7 $11) 21. Rxb7 $14 Re8 (21... Rxb7 $14 22. Qxb7 {[%mdl 64] Double Attack} Qd6) 22. h3 Kh7 23. Re3 ({Don't blunder} 23. Rxa7 $2 Qc5 $19) (23. Qa3 $16) 23... a5 ({Black should try} 23... Rb8 $1 $14) 24. Rxe8 $16 Qxe8 25. Qc3 Rf8 26. Qxa5 Qe5 27. Qb4 Re8 28. Rxf7 d4 {[#]} (28... Rb8 $16 29. Qe7 Qxe7 30. Rxe7 Rxb2) 29. Bxc6 (29. Bf1 $1 $18) 29... Qe1+ 30. Qxe1 Rxe1+ {[%mdl 4096] Endgame KRB-KRN} 31. Kg2 {aiming for Rf8.} d3 32. Bf3 {Rf8 is the strong threat.} d2 33. h4 {Threatens to win with g5.} d1=Q 34. Bxd1 Rxd1 {[#] KRN-KR} 35. g5 {[%cal Rg5f6]} Kg8 36. Rb7 (36. Ra7 $142 Ne4 37. g6) 36... hxg5 37. hxg5 Nd7 {[%mdl 8192] Black cannot hold the game after this.} (37... Ne4 $16 {is a better chance.}) 38. b4 $18 {[%cal Bb2b4,Bb4b5,Bb5b6][%mdl 32]} Kf8 39. a4 {[%cal Ba2a4,Ba4a5,Ba5a6,Ba6a7][%mdl 32] White is clearly winning.} Ke7 (39... Ne5 $142 40. b5 Rd8) 40. a5 Rd5 41. a6 Rxf5 42. a7 Rf8 43. b5 Kd6 44. b6 {Weighted Error Value: White=0.14/Black=0.33} 1-0

[Event "81st ARM-ch 2021"]
[Site "Yerevan"]
[Date "2021.02.20"]
[Round "5.1"]
[White "Andriasian, Zaven"]
[Black "Babujian, Levon"]
[Result "1-0"]
[WhiteElo "2606"]
[BlackElo "2455"]
[Annotator "TA"]
[PlyCount "85"]
[EventDate "2021.02.16"]
[EventType "tourn"]
[EventCountry "ARM"]
[SourceTitle "playchess.com"]
[Source "ChessBase"]
[SourceQuality "1"]

{[%evp 17,85,62,35,35,41,52,58,15,71,67,87,85,102,91,84,91,99,35,40,0,0,0,0,0,0,0,18,19,19,25,62,62,77,70,96,91,128,123,128,122,179,150,297,245,500,486,487,457,523,552,545,542,526,520,739,701,887,843,838,759,808,806,1230,1227,1227,1166,29979,29979,29975,4649]} 1. e4 c5 2. Nf3 e6 3. d4 cxd4 4. Nxd4 a6 5. Bd3 d6 6. c4 Nf6 7. O-O Nbd7 8. Nc3 b6 9. Qe2 Bb7 10. b3 {was the old line (10.f4). B42: Sicilian: Kan Variation: 5 Bd3.} Be7 11. Bb2 {[#]} Ne5 $146 ({Predecessor:} 11... Qc7 12. f4 h5 13. f5 Nf8 14. fxe6 fxe6 15. Rae1 O-O-O 16. Na4 N6d7 17. Rf7 Re8 18. Rxg7 {½-½ (68) Macieja,B (2607)-Lei,T (2450) Warsaw 2014}) 12. Rad1 {White is slightly better.} g5 (12... Nxd3 $11 13. Rxd3 (13. Qxd3 O-O $11) 13... Qc7) 13. Nf3 $16 Nxf3+ 14. Qxf3 Rg8 15. Qe3 Qc7 16. Na4 Nd7 17. e5 (17. Bd4 $16) 17... Nxe5 $14 18. Bxe5 dxe5 19. Bxh7 Rh8 20. Be4 $36 {[%mdl 2048] White has the initiative.} Bxe4 21. Qxe4 Rc8 22. Rfe1 b5 23. Nb2 Rh4 24. Qe2 Bb4 {[#]} 25. Rf1 {White leaves nothing to chance now.} Ke7 26. cxb5 Rch8 27. h3 e4 {[#]} 28. Qe3 {[%cal Re3g5]} ({Not} 28. bxa6 $2 Bc5 $19) 28... Qf4 29. bxa6 {Threatens to win with Nc4.} Qxe3 (29... Bd6 $16 30. Qxf4 gxf4) 30. fxe3 $18 Bc5 $2 (30... Ra8 31. Rc1 Ba3) 31. Nc4 f5 32. b4 Bxb4 33. Rb1 Bc5 34. Rb7+ Kf6 35. Rc7 Be7 36. a7 Rd8 37. Nb6 {Strongly threatening Nc8.} Rhh8 38. Rfc1 Ba3 39. Rb1 f4 40. Nd7+ Rxd7 41. Rxd7 {Rb8 is the strong threat.} fxe3 42. Rb8 Bc5 43. Kf1 {Weighted Error Value: White=0.08/Black=0.53} 1-0

[Event "81st ARM-ch 2021"]
[Site "Yerevan"]
[Date "2021.02.20"]
[Round "5.2"]
[White "Hovhannisyan, Robert"]
[Black "Petrosyan, Manuel"]
[Result "1/2-1/2"]
[WhiteElo "2642"]
[BlackElo "2628"]
[Annotator "TA"]
[PlyCount "193"]
[EventDate "2021.02.16"]
[EventType "tourn"]
[EventCountry "ARM"]
[SourceTitle "playchess.com"]
[Source "ChessBase"]
[SourceQuality "1"]

{[%evp 12,193,47,47,36,25,32,5,14,8,12,10,14,7,0,7,7,10,0,0,0,0,47,0,0,0,0,-4,-8,-11,-3,-26,0,-8,0,-5,0,0,0,0,0,0,0,0,0,-12,0,0,0,0,0,0,0,0,0,0,0,0,0,0,0,0,0,0,0,0,0,0,0,0,0,0,0,0,0,0,0,0,0,0,0,0,0,0,0,0,0,0,0,0,0,0,0,0,0,0,0,0,0,0,0,0,0,0,0,0,0,0,0,0,0,0,0,0,0,0,0,0,0,0,0,0,0,0,0,0,0,0,0,0,0,0,0,0,0,0,0,0,0,0,0,0,0,0,0,0,0,0,0,0,0,0,0,0,0,0,0,0,0,0,0,0,0,0,0,0,0,0,0,0,0,0,0,0,0,0,0,0,0,0,0,0,0,0]} 1. e4 e5 2. Nf3 Nc6 3. Bb5 a6 4. Ba4 Nf6 5. O-O Bc5 6. c3 b5 7. Bc2 d5 {C78: Ruy Lopez: Archangelsk and Möller Defences.} 8. d4 dxe4 {[%cal Re5d4]} 9. dxe5 Qxd1 10. Rxd1 exf3 11. exf6 gxf6 12. Be4 Bd7 13. Nd2 fxg2 14. Nb3 Bb6 15. Nd4 Bxd4 16. cxd4 {[#]} Rc8 $146 ({Predecessor:} 16... Rg8 17. Be3 O-O-O 18. Rac1 Ne7 19. Bf4 c6 20. Bd6 Ng6 21. Bxc6 Bg4 22. Be8+ Kb7 23. Rc7+ Kb6 {½-½ (23) Visser,A (2295)-Lonnee,G (1858) ICCF email 2017}) 17. Bf4 Ne7 18. Bb7 Rb8 19. Bxg2 (19. Bf3 {is interesting.} Rc8 20. Bb7) 19... Rc8 20. d5 Rg8 21. Bg3 Nf5 (21... c6 {seems wilder.} 22. dxc6 Bxc6 23. f3 Rg5 24. Bh4 Rg6) 22. Rac1 {The position is equal.} Nxg3 23. fxg3 Ke7 24. Rd4 Rg6 25. Rxc7 {[%mdl 64] [#] Remove Defender, Decoy} Rxc7 26. d6+ {[%mdl 64] Double Attack} Kd8 27. dxc7+ Kxc7 $11 {[%mdl 4096] Endgame KRB-KRB} 28. Kf2 a5 29. Rh4 h6 30. a3 Rg4 31. Rxg4 Bxg4 {KB-KB} 32. b4 axb4 33. axb4 Kd6 34. Ke3 Be6 35. Bf1 Bd7 36. Kd4 Bc6 37. Be2 Bd7 38. Bd3 Bc6 39. Bf1 Bd7 40. Ke4 Bc6+ 41. Kf5 Ke7 42. Kg4 Kf8 $1 43. Bd3 Bd7+ 44. Kf4 {aiming for Ke4.} Ke7 45. Ke4 {Hoping for Kd5.} Bc6+ 46. Kd4 $1 {[%cal Rd4c5] Threatens to win with Kc5.} Kd6 47. Bf5 Bd5 48. Bg4 Be6 49. Bd1 Bd5 50. Bh5 Be6 51. Bf3 $1 Bd7 52. Bb7 Be6 53. Ke4 Bd7 54. Kd4 $1 Be6 55. Bg2 Bd7 56. Bf3 Be6 57. Be2 Bd7 58. Ke4 Bc6+ 59. Kf5 Ke7 60. Kg4 Kf8 $1 61. Kf4 Ke7 62. Bd1 Bd7 63. Bc2 Kd6 {[#] ...Kd5 is the strong threat.} 64. Ke4 Be6 65. Bb1 Bd7 66. Bd3 Ke6 67. Bc2 Kd6 68. Bd1 Bc6+ 69. Kf5 Ke7 70. Kg4 Kf8 $1 71. Kf4 Ke7 72. Bb3 Bd7 73. Bd5 Be6 74. Bc6 Bc4 75. Kg4 Be2+ 76. Kf5 Bc4 77. Bf3 (77. Kg4 {with more complications.}) 77... Be6+ 78. Ke4 Kd6 {And now ...Bd5+ would win.} 79. Kd4 Bd7 80. h4 Be6 81. Bh5 (81. Be2 $5 {[%cal Re2b5]}) 81... Bd5 82. Be2 Bc6 83. Bd3 Bd7 84. Ke4 Bc6+ 85. Kf5 Ke7 86. Kg4 {Threatening Kh5.} Kf8 $1 87. Bf5 Bd5 88. Bd3 Bc6 $1 89. Kf4 Ke7 90. Ke3 Kd6 91. Kd4 Bd7 92. Bb1 Be6 93. Be4 Bc8 94. Bf3 Be6 95. Be2 Bd7 96. Ke4 Bc6+ 97. Kd4 {Weighted Error Value: White=0.03/Black=0.02} 1/2-1/2